000 00958nam a2200277 a 4500
001 000025062
005 20260202091015.0
008 110201s1999 mx a r 000 | spa d
020 _a9701702816
040 _aDO-SdBNP
_bspa
_cBNPHU
082 _a158.4
_bD819l
100 1 _aDuBrin, Andrew J.
_951425
240 0 _aComplete idiot's guide to leadership.
_lespañol
245 1 0 _aLiderazgo /
_cAndrew J. DuBrin ; traducción Martín Mohedano Caballero.
260 _aMéxico, D. F. :
_bPrentice Hall :
_bPearson :
_bAddison Wesley Longman,
_c1999.
300 _a308 p. :
_bil. ;
_c24 cm.
490 1 _aTextos
_v10
534 _aTítulo original :
_tComplete idiot's guide to leadership.
650 4 _aLiderazgo
_9115
650 4 _aMotivación del empleado
_921036
650 0 _aMotivación (Psicología)
_9603
650 0 _aRelaciones humanas
_9606
700 1 _aMohedano Caballero, Martín
_etr.
_951426
830 0 _aTextos ;
_v10
_914460
049 _aBNGR
999 _c24555
_d24555